| 000 | 01316nam a2200325 i 4500 | ||
|---|---|---|---|
| 001 | 000041181 | ||
| 003 | DO-SdBNP | ||
| 005 | 20260219105724.0 | ||
| 007 | ta | ||
| 008 | 130705s2006 dr 000 0 spa d | ||
| 040 |
_aDO-SdBNP _bspa _cBNPHU _erda |
||
| 082 | 4 |
_a378.7293 _bS623pe _222 |
|
| 245 | 0 | 0 |
_aSituación y perspectivas de la internacionalización de la educación superior / _ccoordinadora Loraine Amell ... [et al]. |
| 246 | _a Foro Presidencial por la Excelencia de la Educación. .Mesas de Trabajo de la SEESCyT. | ||
| 264 |
_aSanto Domingo : _bSEESCyT, _c2006. |
||
| 300 |
_a15 páginas ; _c22 cm. |
||
| 336 |
_2rdacontent _atexto _btxt |
||
| 337 |
_2rdamedia _asin mediación _bn |
||
| 338 |
_2rdacarrier _avolumen _bnc |
||
| 490 | 1 | _aMesas de trabajo de la SEESCyT | |
| 500 | _a Foro Presidencial por la Excelencia de la Educación. .Mesas de Trabajo de la SEESCyT | ||
| 504 | _aBibliografía : p. 14 | ||
| 590 | _aInventariado, 2021/MFF | ||
| 650 | 0 |
_aEducación superior _zRepública Dominicana _9730 |
|
| 700 | 1 |
_aAmell, Loraine, _ecoordinadora _956824 |
|
| 710 | 1 |
_aRepública Dominicana. _bSecretaría de Estado de Educación Superior, Ciencia y Tecnología _918778 |
|
| 830 | 0 |
_aMesas de trabajo de la SEESCyT _965706 |
|
| 910 | _aValidado. Control de calidad MFF | ||
| 942 |
_2ddc _cLF2 |
||
| 999 |
_c40671 _d40671 |
||